000 00205 a2200097 4500
001 43705
100 _aSmith
245 _aTechnical writing
260 _aNew York
_bBarnes Noble
_c
090 _c27483
_d27483
942 _aNUST-CAE
_cM
_c19428
999 _c278778
_d278778